Niezapomniane Jedenastki #20: Argentyna 2008 - Statystyki

Ogólne statystyki
  • Ten quiz został rozwiązany 55 razy
  • Średni wynik to 6 z 11
Statystyki odpowiedzi
Pozycja Klub Inicjały Odpowiedź % Poprawnych
PS Barcelona LM Lionel Messi
96%
LS Benfica ADM Angel Di Maria
91%
N Atletico SA Sergio Aguero
89%
BR AZ Alkmaar SR Sergio Romero
78%
ŚPD Liverpool JM Javier Mascherano
72%
PO Espanyol PZ Pablo Zabaleta
59%
ŚPO Boca Juniors JRR Juan Roman Riquelme
54%
ŚO Real Madryt EG Ezequiel Garay
50%
ŚPD Real Madryt FG Fernando Gago
39%
ŚO Anderlecht NP Nicolas Pareja
2%
LO Boca Juniors FM Fabian Monzon
0%
Nie znaleziono quizów pasujących do podanych kryteriów
Rozkład punktacji
Procent ludzi z każdym wynikiem
Percentyl według liczby udzielonych odpowiedzi
Twoja historia wyników
Nie rozwiązałeś tego quizu